| 000 | 00708nam a2200169 a 4500 | ||
|---|---|---|---|
| 008 | 070601s2006 ||||||||||||||||| || u | ||
| 050 | _aUN-ECE(01) | ||
| 110 | _aUnited Nations Economic Commission for Europe (UNECE) | ||
| 245 | 1 | 0 | _aWorking party on agricultural quality standards |
| 260 |
_aGeneva _bUNECE _c2006 |
||
| 350 | _a0.00 | ||
| 490 | _aCommittee for trade, industry and enterprise development | ||
| 500 | _aHigh quality food at fair prices for all | ||
| 650 | _aQUALITY CONTROL -- STANDARDS | ||
| 650 | _aPRODUCTION--AGRICULTURE | ||
| 995 |
_D0.00 _FCBU-MAIN LIBRARY (Kitwe) _H1 _I0.00 _M1 _UAVAILABLE _WJun 1, 2007 _ZInternational Publications |
||
| 999 |
_c61948 _d61948 |
||